• 首页
  • 本馆介绍
  • 公告通知
  • 最新文献
  • 馆藏检索
  • 电子资源
  • 读者导购
  • 参考咨询
  • 我的图书馆
  • 登录
  • 详细信息显示
  • 放入我的书架
  • 预约/预借图书
  • 作者相关作品
  • 分类相关作品
  • 丛书相关作品
  • 出版社相关作品

书目信息

  • 表格格式
  • 工作单格式
  • 卡片格式
题名:
中国团体操
    
 
作者: 毛学信 主编
分册:  
出版信息: 武汉   华中理工大学出版社  1988.10
页数: 163页
开本: 19×26厘米
丛书名:
单 册:
中图分类: G837
科图分类:
主题词: 团体操--中国
电子资源:
ISBN: 7-5609-0127-1
000 00783nam0 2200241 45
001 0189014280
005 20061106085157.28
010    @a7-5609-0127-1@b精装@dCNY10.95
020    @aCN@b89014280
100    @a19910304d1988 m y0chiy0120 ea
101 0  @achi
102    @aCN@b420000
105    @af z 000yy
200 10 @a中国团体操@Azhong guo tuan ti cao@f毛学信主编@Fmao xue xin zhu bian
210    @a武汉@c华中理工大学出版社@d1988.10
215    @a163页@c照片及图@d19×26厘米
330    @a本书介绍了团体操创编、训练、表演等各项内容,并绘制表演动作实例图、表演队形例图600余幅。
540 1  @a中国 团体操@Azhong guo tuan ti cao
606    @a团体操@y中国
690    @aG837@v1980
701  0 @a毛学信@Amao xue xin@4主编
801  0 @aCN@bTSSF@c20061106
905    @a10447@dG837@e21
    
    中国团体操/毛学信主编.-武汉:华中理工大学出版社,1988.10
    163页:照片及图;19×26厘米
    
    
    ISBN 7-5609-0127-1(精装):CNY10.95
    本书介绍了团体操创编、训练、表演等各项内容,并绘制表演动作实例图、表演队形例图600余幅。
●
相关链接 在E读中查询图书 在五车中查询图书 在当当中查询图书 在豆瓣中查询图书


正题名:中国团体操     索取号:G837/21         预约/预借

序号 登录号 条形码 馆藏地/架位号 状态 备注
1 0220834   000994801   第一样本阅览室/ [索取号:G837/21] 在馆    
欢迎您!
大连网信软件有限公司© 版权所有